| 000 | 00886nam a2200217Ia 4500 | ||
|---|---|---|---|
| 001 | Para_10021 | ||
| 008 | 220602s9999 xx 000 0 und d | ||
| 090 | _aPA CD - TESIS 95 | ||
| 100 |
_aHernández Valencia, Miguel Ángel _954692 |
||
| 245 | _aIdentificación del hongo causante de la muerte de follaje en coquillo (Cyperus esculentus L.) en Chapingo, Estado de Mèxico / Miguel Àngel Hernández Valencia; Director Luis Othon Espinosa Carrillo | ||
| 260 | _aChapingo, Méx.: el autor | ||
| 300 | _a1 CDS ROM (29 p.) | ||
| 502 | _aTesis (Ing. Agr. Esp. en Parasitología Agrícola). UACh | ||
| 700 |
_aEspinosa Carrillo, Luis Othon. Director _9171340 |
||
| 710 |
_aUACh. Departamento Parasitología AgrícolaÌ _9185010 |
||
| 901 | _aPA CD - TESIS 95 | ||
| 902 | _aM | ||
| 905 | _a513220Agostom 2011 a 8100000000 06 | ||
| 942 | _c2 | ||
| 999 |
_c217259 _d217259 |
||